[Event "94th FRA-ch Women 2019"]
[Site "Chartres"]
[Date "2019.08.24"]
[Round "8.2"]
[White "Leconte, Maria"]
[Black "Milliet, Sophie"]
[Result "0-1"]
[WhiteElo "2252"]
[BlackElo "2397"]
[Annotator "NA"]
[PlyCount "107"]
[EventDate "2019.08.17"]
[EventType "tourn"]
[EventCountry "FRA"]
[SourceTitle "playchess.com"]
[Source "ChessBase"]
[SourceQuality "1"]
[TimeControl "40/5400+30:1800+30"]

1. e4 {[%emt 0:00:00]} c5 {[%emt 0:00:00]} 2. Nf3 {[%emt 0:00:00]} Nc6 {[%emt 0:00:00]} 3. d4 {[%emt 0:00:00]} cxd4 {[%emt 0:00:00]} 4. Nxd4 {[%emt 0:00:00]} e6 {[%emt 0:00:55]} 5. Nc3 {[%emt 0:00:20]} Qc7 {[%emt 0:00:09]} 6. Be2 {[%emt 0:00:33]} a6 {[%emt 0:03:31]} 7. Be3 {[%emt 0:02:31]} b5 {[%emt 0:00:36]} 8. a3 {[%emt 0:03:48]} Bb7 {[%emt 0:00:16]} 9. f4 {[%emt 0:05:05]} Nxd4 {[%emt 0:06:06]} 10. Qxd4 {[%emt 0:03:23]} Rc8 {[%emt 0:00:09]} 11. Bf3 {[%emt 0:05:04]} h5 {[%emt 0:05:50]} 12. O-O {[%emt 0:12:47]} Nf6 {[%emt 0:02:06]} 13. h3 {[%emt 0:11:22]} h4 {[%emt 1:16:52]} 14. Rf2 {[%emt 0:52:07]} Nh5 {[%emt 0:00:00]} 15. Rd1 {[%emt 0:00:00]} Bc5 {[%emt 0:00:00]} 16. Qxc5 {[%emt 0:00:00]} Qxc5 {[%emt 0:00:00]} 17. Bxc5 {[%emt 0:00:00]} Rxc5 {[%emt 0:00:00]} 18. Rfd2 {[%emt 0:00:00]} Rc7 {[%emt 0:00:00]} 19. Bxh5 {[%emt 0:00:00]} Rxh5 {[%emt 0:00:00]} 20. Rd4 {[%emt 0:03:00]} Rhc5 {[%emt 0:00:00]} 21. R1d2 {[%emt 0:00:00]} g5 {[%emt 0:00:00]} 22. e5 {[%emt 0:00:00]} gxf4 {[%emt 0:00:00]} 23. Rxf4 {[%emt 0:00:00]} Rxe5 {[%emt 0:00:00]} 24. Rxh4 {[%emt 0:00:00]} Rf5 {[%emt 0:05:30]} 25. Ne4 {[%emt 0:00:00]} Ke7 {[%emt 0:00:00]} 26. Nf2 {[%emt 0:00:00]} Rc4 {[%emt 0:00:00]} 27. Rh7 {[%emt 0:00:00]} Bc6 {[%emt 0:00:00]} 28. c3 {[%emt 0:00:00]} a5 {[%emt 0:00:00]} 29. Ng4 {[%emt 0:00:00]} Re4 {[%emt 0:00:00]} 30. Kh2 {[%emt 0:00:00]} Rf1 {[%emt 0:00:00]} 31. Nf2 {[%emt 0:00:29]} Re5 {[%emt 0:00:00]} 32. Ng4 {[%emt 0:00:17]} Ree1 {[%emt 0:00:00]} 33. Nf2 {[%emt 0:00:42]} e5 {[%emt 0:00:00]} 34. Nd3 {[%emt 0:02:00]} Rh1+ {[%emt 0:00:00]} 35. Kg3 {[%emt 0:00:04]} Re3+ {[%emt 0:00:00]} 36. Kf2 {[%emt 0:01:28]} Rxd3 {[%emt 0:00:00]} 37. Rxd3 {[%emt 0:00:10]} Be4 {[%emt 0:00:00]} 38. Re3 {[%emt 0:01:02]} Bxh7 {[%emt 0:00:00]} 39. Rxe5+ {[%emt 0:00:03]} Kd6 {[%emt 0:00:00]} 40. Rxb5 {[%emt 0:00:07]} a4 {[%emt 0:00:00]} 41. Rb4 {[%emt 0:30:30]} Bc2 {[%emt 0:30:00]} 42. Rd4+ {[%emt 0:00:00]} Ke6 {[%emt 0:00:00]} 43. Rd2 {[%emt 0:00:00]} Bb3 {[%emt 0:00:00]} 44. Kg3 {[%emt 0:00:00]} Rc1 {[%emt 0:00:00]} 45. Kf4 {[%emt 0:00:00]} Rc2 {[%emt 0:00:00]} 46. Ke3 {[%emt 0:00:00]} Rxd2 {[%emt 0:00:00]} 47. Kxd2 {[%emt 0:00:00]} Bd5 {[%emt 0:00:00]} 48. g3 {[%emt 0:00:00]} Bg2 {[%emt 0:00:00]} 49. h4 {[%emt 0:00:00]} Kf5 {[%emt 0:00:00]} 50. c4 {[%emt 0:00:00]} Kg4 {[%emt 0:00:00]} 51. Ke3 {[%emt 0:00:00]} f5 52. Kd4 {[%emt 0:00:00]} Be4 53. Ke5 {[%emt 0:09:38]} Bc2 {[%emt 0:14:30]} 54. h5 {[%emt 0:00:00]} 0-1

[Event "94th FRA-ch Women 2019"]
[Site "Chartres"]
[Date "2019.08.24"]
[Round "8.3"]
[White "Navrotescu, Andreea-Cristiana"]
[Black "Guichard, Pauline"]
[Result "1/2-1/2"]
[WhiteElo "2210"]
[BlackElo "2405"]
[Annotator "NA"]
[PlyCount "155"]
[EventDate "2019.08.17"]
[EventType "tourn"]
[EventCountry "FRA"]
[SourceTitle "playchess.com"]
[Source "ChessBase"]
[SourceQuality "1"]
[TimeControl "40/5400+30:1800+30"]

1. d4 {[%emt 0:00:00]} Nf6 {[%emt 0:00:00]} 2. c4 {[%emt 0:00:00]} g6 {[%emt 0:00:00]} 3. Nc3 {[%emt 0:00:00]} Bg7 {[%emt 0:00:00]} 4. e4 {[%emt 0:00:00]} d6 {[%emt 0:00:00]} 5. f4 {[%emt 0:00:00]} O-O {[%emt 0:01:01]} 6. Nf3 {[%emt 0:00:04]} c5 {[%emt 0:00:18]} 7. d5 {[%emt 0:00:09]} e6 {[%emt 0:00:27]} 8. dxe6 {[%emt 0:00:09]} fxe6 {[%emt 0:07:08]} 9. Bd3 {[%emt 0:00:21]} Nc6 {[%emt 0:01:03]} 10. O-O {[%emt 0:00:40]} Nd4 {[%emt 0:04:47]} 11. Bd2 {[%emt 0:01:44]} Bd7 {[%emt 0:11:14]} 12. Nxd4 {[%emt 0:02:28]} cxd4 {[%emt 0:00:13]} 13. Nb5 {[%emt 0:00:04]} Bxb5 {[%emt 0:15:08]} 14. cxb5 {[%emt 0:00:33]} d5 {[%emt 0:00:11]} 15. exd5 {[%emt 0:02:30]} Qxd5 {[%emt 0:06:34]} 16. Qe2 {[%emt 0:09:56]} Rae8 {[%emt 0:00:17]} 17. Rae1 {[%emt 0:06:38]} Qd6 {[%emt 0:03:44]} 18. Qe5 {[%emt 0:18:09]} Qxe5 {[%emt 0:08:48]} 19. Rxe5 {[%emt 0:00:45]} Nd7 {[%emt 0:00:11]} 20. Ree1 {[%emt 0:01:20]} Nb6 {[%emt 0:11:02]} 21. Re4 {[%emt 0:07:10]} Rf7 {[%emt 0:16:16]} 22. Rfe1 {[%emt 0:03:59]} Rc7 {[%emt 0:00:04]} 23. b3 {[%emt 0:02:58]} Kf7 {[%emt 0:00:37]} 24. Ba5 {[%emt 0:06:24]} Rce7 {[%emt 0:03:26]} 25. g4 {[%emt 0:15:30]} Nd5 {[%emt 0:01:33]} 26. Bc4 {[%emt 0:02:40]} Ne3 {[%emt 0:00:10]} 27. R1xe3 {[%emt 0:00:24]} dxe3 {[%emt 0:00:12]} 28. f5 {[%emt 0:02:12]} gxf5 {[%emt 0:04:31]} 29. gxf5 {[%emt 0:00:03]} Kf6 {[%emt 0:03:35]} 30. Bxe6 {[%emt 0:04:42]} Rxe6 {[%emt 0:00:17]} 31. Rxe6+ {[%emt 0:00:14]} Rxe6 {[%emt 0:00:09]} 32. fxe6 {[%emt 0:00:01]} Kxe6 {[%emt 0:00:06]} 33. Kg2 {[%emt 0:00:11]} Kd5 {[%emt 0:02:26]} 34. Kf3 {[%emt 0:00:01]} Kd4 {[%emt 0:00:08]} 35. Ke2 {[%emt 0:00:10]} Be5 {[%emt 0:00:26]} 36. h3 {[%emt 0:01:03]} Bf4 {[%emt 0:01:19]} 37. Bb4 {[%emt 0:00:53]} Bc7 {[%emt 0:00:31]} 38. Ba3 {[%emt 0:05:31]} Bb6 {[%emt 0:00:17]} 39. Bb2+ {[%emt 0:01:24]} Ke4 {[%emt 0:00:22]} 40. Bc3 {[%emt 0:02:49]} Kf4 {[%emt 0:00:44]} 41. Be1 {[%emt 0:30:21]} Bd8 {[%emt 0:09:05]} 42. Bb4 {[%emt 0:00:00]} Bb6 {[%emt 0:00:49]} 43. Be1 {[%emt 0:00:00]} Bc5 {[%emt 0:01:52]} 44. a4 {[%emt 0:00:00]} Bb6 {[%emt 0:04:21]} 45. Bc3 {[%emt 0:00:00]} Ke4 {[%emt 0:02:47]} 46. Bf6 {[%emt 0:00:00]} Bc7 {[%emt 0:02:07]} 47. Bc3 {[%emt 0:00:00]} Bd6 {[%emt 0:01:50]} 48. Bf6 {[%emt 0:00:00]} Bf4 {[%emt 0:02:44]} 49. Bc3 {[%emt 0:00:00]} Bg5 {[%emt 0:00:30]} 50. Bb2 {[%emt 0:00:00]} Bf4 {[%emt 0:03:09]} 51. Bf6 {[%emt 0:00:00]} Bb8 {[%emt 0:00:26]} 52. Bc3 {[%emt 0:00:00]} h5 {[%emt 0:03:15]} 53. Bf6 {[%emt 0:00:00]} Bf4 {[%emt 0:02:03]} 54. Bb2 {[%emt 0:00:00]} Bc7 {[%emt 0:00:58]} 55. Bc3 {[%emt 0:01:18]} Bb6 {[%emt 0:00:34]} 56. Bf6 {[%emt 0:00:43]} Kf4 {[%emt 0:00:21]} 57. Bh4 {[%emt 0:01:03]} Bd4 {[%emt 0:00:40]} 58. Be1 {[%emt 0:02:19]} Bb6 {[%emt 0:00:52]} 59. Bc3 {[%emt 0:03:33]} Ke4 {[%emt 0:00:59]} 60. Bf6 {[%emt 0:00:49]} Bc7 {[%emt 0:00:34]} 61. Bc3 {[%emt 0:01:18]} Bb8 {[%emt 0:00:24]} 62. Bf6 {[%emt 0:00:29]} Bd6 {[%emt 0:00:19]} 63. Bc3 {[%emt 0:00:26]} Bc5 {[%emt 0:00:14]} 64. Bf6 {[%emt 0:00:25]} Bd4 {[%emt 0:00:24]} 65. Bg5 {[%emt 0:00:34]} Bc5 {[%emt 0:00:42]} 66. Bf6 {[%emt 0:00:09]} Kf4 {[%emt 0:00:34]} 67. Bh4 {[%emt 0:00:15]} Bb4 {[%emt 0:00:43]} 68. Bf6 {[%emt 0:00:48]} Ke4 {[%emt 0:00:26]} 69. Bb2 {[%emt 0:00:26]} Bd2 {[%emt 0:00:45]} 70. Bf6 {[%emt 0:00:18]} a6 {[%emt 0:00:31]} 71. bxa6 {[%emt 0:00:16]} bxa6 {[%emt 0:00:04]} 72. Bb2 {[%emt 0:01:00]} a5 {[%emt 0:00:21]} 73. Bf6 {[%emt 0:00:29]} Kf4 {[%emt 0:00:39]} 74. Bd4 {[%emt 0:01:29]} Ke4 {[%emt 0:00:55]} 75. Bb6 {[%emt 0:00:53]} Kf4 {[%emt 0:00:09]} 76. Bc7+ {[%emt 0:00:35]} Ke4 {[%emt 0:00:38]} 77. Bb6 {[%emt 0:00:02]} Kf4 {[%emt 0:00:19]} 78. Bc7+ {[%emt 0:00:08]} 1/2-1/2

[Event "94th FRA-ch Women 2019"]
[Site "Chartres"]
[Date "2019.08.24"]
[Round "8.4"]
[White "Safranska, Anda"]
[Black "Richard, Emma"]
[Result "1/2-1/2"]
[WhiteElo "2128"]
[BlackElo "2104"]
[Annotator "NA"]
[PlyCount "111"]
[EventDate "2019.08.17"]
[EventType "tourn"]
[EventCountry "FRA"]
[SourceTitle "playchess.com"]
[Source "ChessBase"]
[SourceQuality "1"]
[TimeControl "40/5400+30:1800+30"]

1. e4 {[%emt 0:00:00]} c5 {[%emt 0:00:00]} 2. d3 {[%emt 0:00:00]} g6 {[%emt 0:00:00]} 3. g3 {[%emt 0:00:00]} Bg7 {[%emt 0:00:29]} 4. Bg2 {[%emt 0:00:00]} Nc6 {[%emt 0:00:39]} 5. Nc3 {[%emt 0:01:06]} d6 {[%emt 0:00:58]} 6. Be3 {[%emt 0:02:57]} e5 {[%emt 0:00:34]} 7. Nh3 {[%emt 0:01:25]} Nge7 {[%emt 0:05:45]} 8. Qd2 {[%emt 0:01:00]} Nd4 {[%emt 0:03:25]} 9. Ng1 {[%emt 0:02:32]} O-O {[%emt 0:04:42]} 10. h4 {[%emt 0:09:01]} h5 {[%emt 0:01:37]} 11. O-O-O {[%emt 0:02:28]} b5 {[%emt 0:08:48]} 12. Kb1 {[%emt 0:00:19]} b4 {[%emt 0:06:21]} 13. Nce2 {[%emt 0:00:07]} a5 {[%emt 0:01:04]} 14. Nxd4 {[%emt 0:14:28]} cxd4 {[%emt 0:01:30]} 15. Bh6 {[%emt 0:00:49]} Be6 {[%emt 0:21:37]} 16. Bxg7 {[%emt 0:00:20]} Kxg7 {[%emt 0:00:25]} 17. f4 {[%emt 0:00:09]} f6 {[%emt 0:04:08]} 18. f5 {[%emt 0:08:08]} gxf5 {[%emt 0:04:26]} 19. exf5 {[%emt 0:00:09]} Nxf5 {[%emt 0:00:07]} 20. Bxa8 {[%emt 0:15:30]} Qxa8 {[%emt 0:00:42]} 21. Rh2 {[%emt 0:00:08]} Ne3 {[%emt 0:01:23]} 22. Rc1 {[%emt 0:02:47]} Nd5 {[%emt 0:16:44]} 23. Ne2 {[%emt 0:05:11]} Qc6 {[%emt 0:06:29]} 24. c4 {[%emt 0:02:34]} Ne3 {[%emt 0:07:00]} 25. Ng1 {[%emt 0:11:17]} Rb8 {[%emt 0:00:31]} 26. b3 {[%emt 0:06:07]} a4 {[%emt 0:01:00]} 27. Re1 {[%emt 0:01:40]} axb3 {[%emt 0:00:20]} 28. axb3 {[%emt 0:00:05]} Ra8 {[%emt 0:00:53]} 29. Ne2 {[%emt 0:03:18]} Qa6 {[%emt 0:01:05]} 30. Qb2 {[%emt 0:00:05]} Bf5 {[%emt 0:00:26]} 31. Nc1 {[%emt 0:00:08]} Bg4 {[%emt 0:00:19]} 32. Rd2 {[%emt 0:00:46]} d5 {[%emt 0:00:27]} 33. Na2 {[%emt 0:02:13]} dxc4 {[%emt 0:00:46]} 34. dxc4 {[%emt 0:02:57]} Qb7 {[%emt 0:00:53]} 35. Ka1 {[%emt 0:01:20]} Qf3 {[%emt 0:00:41]} 36. Rf2 {[%emt 0:00:47]} Qxg3 {[%emt 0:00:35]} 37. Qd2 {[%emt 0:00:43]} Qxh4 {[%emt 0:00:24]} 38. Rc1 {[%emt 0:05:37]} Nd1 {[%emt 0:01:02]} 39. Rh2 {[%emt 0:00:09]} Rxa2+ {[%emt 0:00:31]} 40. Qxa2 {[%emt 0:00:50]} Qg5 {[%emt 0:00:21]} 41. Qd2 {[%emt 0:10:10]} Qxd2 {[%emt 0:03:44]} 42. Rxd2 {[%emt 0:00:05]} Nc3 {[%emt 0:00:30]} 43. Re1 {[%emt 0:01:06]} Kf7 {[%emt 0:01:07]} 44. Kb2 {[%emt 0:00:15]} Bf5 {[%emt 0:03:16]} 45. Kc1 {[%emt 0:01:47]} d3 {[%emt 0:02:02]} 46. Rh2 {[%emt 0:00:41]} Bg4 {[%emt 0:07:49]} 47. Kd2 {[%emt 0:00:21]} Be2 {[%emt 0:01:56]} 48. Rexe2 {[%emt 0:04:09]} dxe2 {[%emt 0:00:35]} 49. Rxh5 {[%emt 0:00:04]} Ke6 {[%emt 0:01:14]} 50. Rh6 {[%emt 0:00:24]} Kd7 {[%emt 0:06:08]} 51. Ke1 {[%emt 0:01:02]} f5 {[%emt 0:08:02]} 52. Rf6 {[%emt 0:16:46]} f4 {[%emt 0:00:30]} 53. Rf5 {[%emt 0:00:30]} Ke6 {[%emt 0:00:30]} 54. Rf8 Ke7 {[%emt 0:00:30]} 55. Rf5 {[%emt 0:01:00]} Ke6 {[%emt 0:00:30]} 56. Rf8 1/2-1/2

[Event "94th FRA-ch Women 2019"]
[Site "Chartres"]
[Date "2019.08.24"]
[Round "8.5"]
[White "Maisuradze, Nino"]
[Black "Thomas, Anysia"]
[Result "1-0"]
[WhiteElo "2203"]
[BlackElo "2158"]
[Annotator "NA"]
[PlyCount "111"]
[EventDate "2019.08.17"]
[EventType "tourn"]
[EventCountry "FRA"]
[SourceTitle "playchess.com"]
[Source "ChessBase"]
[SourceQuality "1"]
[TimeControl "40/5400+30:1800+30"]

1. d4 {[%emt 0:00:00]} Nf6 {[%emt 0:00:00]} 2. c4 {[%emt 0:00:00]} g6 {[%emt 0:00:00]} 3. Nf3 {[%emt 0:00:00]} Bg7 {[%emt 0:00:00]} 4. e3 {[%emt 0:00:01]} d5 {[%emt 0:00:03]} 5. cxd5 {[%emt 0:00:07]} Nxd5 {[%emt 0:00:05]} 6. e4 {[%emt 0:00:19]} Nb6 {[%emt 0:00:31]} 7. a4 {[%emt 0:01:13]} a5 {[%emt 0:02:24]} 8. Bb5+ {[%emt 0:00:17]} Bd7 {[%emt 0:01:12]} 9. Nc3 {[%emt 0:03:11]} O-O {[%emt 0:00:08]} 10. O-O {[%emt 0:01:04]} Bg4 {[%emt 0:02:50]} 11. d5 {[%emt 0:05:14]} c6 {[%emt 0:07:41]} 12. dxc6 {[%emt 0:06:44]} Nxc6 {[%emt 0:00:17]} 13. Be3 {[%emt 0:07:31]} Qc7 {[%emt 0:15:29]} 14. Rc1 {[%emt 0:05:27]} Nd7 {[%emt 0:10:38]} 15. Nd5 {[%emt 0:19:32]} Qd8 {[%emt 0:00:35]} 16. h3 {[%emt 0:09:11]} Bxf3 {[%emt 0:11:54]} 17. Qxf3 {[%emt 0:00:09]} e6 {[%emt 0:01:09]} 18. Nc3 {[%emt 0:01:55]} Nde5 {[%emt 0:01:33]} 19. Qg3 {[%emt 0:14:11]} Nd4 {[%emt 0:07:34]} 20. Rfd1 {[%emt 0:00:09]} Nec6 {[%emt 0:00:05]} 21. Bxc6 {[%emt 0:04:21]} bxc6 {[%emt 0:01:47]} 22. Bxd4 {[%emt 0:09:48]} Bxd4 {[%emt 0:00:07]} 23. Ne2 {[%emt 0:00:09]} c5 {[%emt 0:01:30]} 24. Nxd4 {[%emt 0:01:02]} cxd4 {[%emt 0:00:23]} 25. Qe5 {[%emt 0:01:38]} d3 {[%emt 0:06:42]} 26. Qc3 {[%emt 0:04:17]} Rc8 {[%emt 0:11:51]} 27. Qxc8 {[%emt 0:00:04]} Qxc8 {[%emt 0:00:02]} 28. Rxc8 {[%emt 0:00:05]} Rxc8 {[%emt 0:00:01]} 29. Rxd3 {[%emt 0:01:40]} Rc4 {[%emt 0:00:09]} 30. b3 {[%emt 0:00:49]} Rxe4 {[%emt 0:00:04]} 31. Rd8+ {[%emt 0:00:09]} Kg7 {[%emt 0:00:04]} 32. Rb8 {[%emt 0:00:50]} Re2 {[%emt 0:02:05]} 33. Rb5 {[%emt 0:00:57]} Rb2 {[%emt 0:00:05]} 34. h4 {[%emt 0:00:33]} h5 {[%emt 0:03:00]} 35. g3 {[%emt 0:00:13]} Kf6 {[%emt 0:00:14]} 36. Kg2 {[%emt 0:00:19]} Rb1 {[%emt 0:01:51]} 37. Kf3 {[%emt 0:01:07]} Rc1 {[%emt 0:00:18]} 38. Ke4 {[%emt 0:01:06]} Rc3 {[%emt 0:04:16]} 39. Kd4 {[%emt 0:02:14]} Rf3 {[%emt 0:01:42]} 40. Kc4 {[%emt 0:01:23]} Rxf2 {[%emt 0:00:24]} 41. Rxa5 {[%emt 0:30:10]} Rc2+ {[%emt 0:32:47]} 42. Kd4 {[%emt 0:00:00]} Rc1 {[%emt 0:00:00]} 43. Ke4 {[%emt 0:00:00]} Rc3 {[%emt 0:00:00]} 44. Rb5 {[%emt 0:00:00]} Rxg3 {[%emt 0:00:00]} 45. a5 {[%emt 0:00:00]} Rg4+ {[%emt 0:00:00]} 46. Kf3 {[%emt 0:00:00]} Rg1 {[%emt 0:00:00]} 47. Rb4 {[%emt 0:00:00]} Rd1 {[%emt 0:00:00]} 48. a6 {[%emt 0:00:00]} Rd8 {[%emt 0:00:00]} 49. a7 {[%emt 0:00:00]} Ra8 {[%emt 0:00:00]} 50. Rb7 {[%emt 0:00:00]} Ke5 {[%emt 0:06:35]} 51. b4 {[%emt 0:00:00]} Kd4 {[%emt 0:02:02]} 52. b5 {[%emt 0:00:00]} e5 {[%emt 0:00:25]} 53. b6 {[%emt 0:00:00]} e4+ {[%emt 0:01:28]} 54. Ke2 {[%emt 0:00:28]} Rc8 {[%emt 0:00:12]} 55. Rd7+ {[%emt 0:00:31]} Ke5 {[%emt 0:00:09]} 56. b7 {[%emt 0:00:15]} 1-0

[Event "94th FRA-ch Women 2019"]
[Site "Chartres"]
[Date "2019.08.25"]
[Round "9.1"]
[White "Thomas, Anysia"]
[Black "Leconte, Maria"]
[Result "1/2-1/2"]
[WhiteElo "2158"]
[BlackElo "2252"]
[Annotator "NA"]
[PlyCount "36"]
[EventDate "2019.08.17"]
[EventType "tourn"]
[EventCountry "FRA"]
[SourceTitle "playchess.com"]
[Source "ChessBase"]
[SourceQuality "1"]
[TimeControl "40/5400+30:1800+30"]

1. g3 {[%emt 0:00:19]} f5 {[%emt 0:02:30]} 2. d4 {[%emt 0:01:46]} e6 {[%emt 0:00:22]} 3. Bg2 {[%emt 0:01:17]} Nf6 {[%emt 0:00:08]} 4. Nh3 {[%emt 0:00:34]} d5 {[%emt 0:05:52]} 5. O-O {[%emt 0:00:26]} Be7 {[%emt 0:00:25]} 6. b3 {[%emt 0:00:32]} O-O {[%emt 0:02:07]} 7. Ba3 {[%emt 0:00:57]} Bxa3 {[%emt 0:01:33]} 8. Nxa3 {[%emt 0:00:05]} Qe7 {[%emt 0:00:07]} 9. Qc1 {[%emt 0:02:36]} c5 {[%emt 0:06:24]} 10. c4 {[%emt 0:15:17]} cxd4 {[%emt 0:08:59]} 11. cxd5 {[%emt 0:01:09]} Nxd5 {[%emt 0:11:43]} 12. Nb5 {[%emt 0:05:59]} Nc6 {[%emt 0:01:14]} 13. Rd1 {[%emt 0:13:50]} d3 {[%emt 0:03:06]} 14. Rxd3 {[%emt 0:04:07]} Ncb4 {[%emt 0:02:40]} 15. Rd1 {[%emt 0:00:27]} Bd7 {[%emt 0:03:10]} 16. Nc7 {[%emt 0:04:31]} Rac8 {[%emt 0:02:56]} 17. Nxd5 {[%emt 0:01:59]} Nxd5 {[%emt 0:17:13]} 18. Qd2 {[%emt 0:03:05]} Bc6 {[%emt 0:05:51]} 1/2-1/2

[Event "94th FRA-ch Women 2019"]
[Site "Chartres"]
[Date "2019.08.25"]
[Round "9.2"]
[White "Milliet, Sophie"]
[Black "Monpeurt, Cyrielle"]
[Result "1-0"]
[WhiteElo "2397"]
[BlackElo "2171"]
[Annotator "ChessBase"]
[PlyCount "79"]
[EventDate "2019.08.17"]
[EventType "tourn"]
[EventCountry "FRA"]
[SourceTitle "playchess.com"]
[Source "ChessBase"]
[SourceQuality "1"]
[TimeControl "40/5400+30:1800+30"]

1. e4 {[%emt 0:00:00]} e6 {[%emt 0:00:00]} 2. d4 {[%emt 0:00:00]} c5 {[%emt 0:00:00]} 3. Nf3 {[%emt 0:07:47]} cxd4 {[%emt 0:00:00]} 4. Nxd4 {[%emt 0:00:03]} Nc6 {[%emt 0:00:25]} 5. Nc3 {[%emt 0:00:03]} Nf6 {[%emt 0:00:14]} 6. g3 {[%emt 0:00:37]} Bb4 {[%emt 0:05:49]} 7. Bg2 {[%emt 0:00:30]} O-O {[%emt 0:05:16]} 8. O-O {[%emt 0:00:41]} d6 {[%emt 0:00:43]} 9. Nxc6 {[%emt 0:09:57]} bxc6 {[%emt 0:00:07]} 10. e5 {[%emt 0:00:56]} dxe5 {[%emt 0:16:02]} 11. Bxc6 {[%emt 0:13:28]} Ba6 {[%emt 0:02:30]} 12. Qxd8 {[%emt 1:01:58]} Raxd8 {[%emt 0:00:12]} 13. Bb5 {[%emt 0:00:00]} Bxb5 {[%emt 0:06:41]} 14. Nxb5 {[%emt 0:00:00]} a6 {[%emt 0:00:04]} 15. a3 {[%emt 0:00:00]} Ba5 {[%emt 0:02:51]} 16. Na7 {[%emt 0:00:00]} Bc7 {[%emt 0:14:30]} 17. Nc6 {[%emt 0:00:00]} Rd7 {[%emt 0:01:17]} 18. c4 {[%emt 0:00:00]} Rc8 {[%emt 0:07:08]} 19. b4 {[%emt 0:00:00]} Bd6 {[%emt 0:06:26]} 20. b5 {[%emt 0:00:00]} axb5 {[%emt 0:07:45]} 21. cxb5 {[%emt 0:00:00]} Nd5 {[%emt 0:00:06]} 22. a4 {[%emt 0:00:00]} Rb7 {[%emt 0:01:23]} 23. Ba3 {[%emt 0:00:00]} Bc7 {[%emt 0:04:45]} 24. Ne7+ {[%emt 0:00:00]} Nxe7 {[%emt 0:01:30]} 25. Bxe7 {[%emt 0:00:00]} Bb6 {[%emt 0:00:06]} 26. Rfc1 {[%emt 0:00:00]} Ra8 {[%emt 0:07:05]} 27. Bc5 {[%emt 0:00:00]} Ba5 {[%emt 0:00:09]} 28. Bd6 {[%emt 0:00:00]} f6 {[%emt 0:01:26]} 29. Rc6 {[%emt 0:00:00]} Rd8 {[%emt 0:00:16]} 30. Rac1 {[%emt 0:00:00]} Rdd7 {[%emt 0:03:36]} 31. Ra6 {[%emt 0:00:00]} Bb6 {[%emt 0:00:04]} 32. Rc6 {[%emt 0:00:00]} Bd4 {[%emt 0:00:54]} 33. b6 {[%emt 0:10:30]} Kf7 {[%emt 0:00:11]} 34. Bc7 {[%emt 0:00:00]} Rd5 {[%emt 0:04:05]} 35. Ra8 {[%emt 0:00:00]} e4 {[%emt 0:02:51]} 36. a5 {[%emt 0:00:00]} Rf5 {[%emt 0:00:20]} 37. Bf4 {[%emt 0:00:00]} e5 {[%emt 0:01:02]} 38. Be3 {[%emt 0:00:00]} Bxe3 {[%emt 0:00:29]} 39. fxe3 {[%emt 0:00:00]} Rd7 {[%emt 0:00:09]} 40. Rc7 {[%emt 0:00:00]} 1-0

[Event "94th FRA-ch Women 2019"]
[Site "Chartres"]
[Date "2019.08.25"]
[Round "9.3"]
[White "Guichard, Pauline"]
[Black "Maisuradze, Nino"]
[Result "1-0"]
[WhiteElo "2405"]
[BlackElo "2203"]
[Annotator "ChessBase"]
[PlyCount "123"]
[EventDate "2019.08.17"]
[EventType "tourn"]
[EventCountry "FRA"]
[SourceTitle "playchess.com"]
[Source "ChessBase"]
[SourceQuality "1"]
[TimeControl "40/5400+30:1800+30"]

1. c4 {[%emt 0:00:00]} c5 {[%emt 0:00:00]} 2. g3 {[%emt 0:00:00]} Nc6 {[%emt 0:00:14]} 3. Bg2 {[%emt 0:00:00]} g6 {[%emt 0:00:05]} 4. Nc3 {[%emt 0:00:05]} Bg7 {[%emt 0:00:02]} 5. a3 {[%emt 0:00:06]} e6 {[%emt 0:00:52]} 6. d3 {[%emt 0:09:04]} d6 {[%emt 0:03:24]} 7. e4 {[%emt 0:00:43]} Nge7 {[%emt 0:00:05]} 8. Nge2 {[%emt 0:00:10]} O-O {[%emt 0:03:06]} 9. Rb1 {[%emt 0:01:18]} Rb8 {[%emt 0:06:43]} 10. b4 {[%emt 0:02:56]} b6 {[%emt 0:02:34]} 11. O-O {[%emt 0:10:20]} Bb7 {[%emt 0:03:30]} 12. Bf4 {[%emt 0:05:05]} Nd4 {[%emt 0:28:40]} 13. bxc5 {[%emt 0:09:45]} bxc5 {[%emt 0:02:39]} 14. Nxd4 {[%emt 0:01:34]} cxd4 {[%emt 0:00:35]} 15. Ne2 {[%emt 0:01:13]} e5 {[%emt 0:15:57]} 16. Bg5 {[%emt 0:02:24]} f6 {[%emt 0:01:05]} 17. Bd2 {[%emt 0:00:14]} f5 {[%emt 0:01:30]} 18. f3 {[%emt 0:05:43]} Bc6 {[%emt 0:07:00]} 19. Qc2 {[%emt 0:04:19]} Qc7 {[%emt 0:05:46]} 20. a4 {[%emt 0:00:36]} a5 {[%emt 0:02:21]} 21. Qa2 {[%emt 0:05:00]} Kh8 {[%emt 0:00:14]} 22. Bh3 {[%emt 0:02:19]} Bd7 {[%emt 0:02:05]} 23. Bg2 {[%emt 0:09:24]} Nc6 {[%emt 0:05:04]} 24. Qa3 {[%emt 0:00:18]} Rxb1 {[%emt 0:01:33]} 25. Rxb1 {[%emt 0:00:05]} fxe4 {[%emt 0:00:06]} 26. dxe4 {[%emt 0:08:05]} Rb8 {[%emt 0:00:29]} 27. Rxb8+ {[%emt 0:03:26]} Nxb8 {[%emt 0:02:17]} 28. Nc1 {[%emt 0:00:52]} Bf8 {[%emt 0:00:28]} 29. Bf1 {[%emt 0:03:45]} Na6 {[%emt 0:04:30]} 30. Nd3 {[%emt 0:05:16]} Be6 {[%emt 0:00:46]} 31. Nxe5 {[%emt 0:00:44]} Kg8 {[%emt 0:01:12]} 32. Ng4 {[%emt 0:01:13]} d5 {[%emt 0:00:26]} 33. c5 {[%emt 0:03:18]} dxe4 {[%emt 0:00:32]} 34. Nf6+ {[%emt 0:00:53]} Kf7 {[%emt 0:00:31]} 35. Nxe4 {[%emt 0:00:15]} Nxc5 {[%emt 0:00:14]} 36. Ng5+ {[%emt 0:01:31]} Kg8 {[%emt 0:00:45]} 37. Nxe6 {[%emt 0:01:25]} Nxe6 {[%emt 0:00:01]} 38. Qb3 {[%emt 0:00:43]} Kf7 {[%emt 0:00:05]} 39. Bc4 {[%emt 0:00:16]} Qd6 {[%emt 0:01:29]} 40. Bxa5 {[%emt 0:01:05]} Kf6 {[%emt 0:00:29]} 41. Bxe6 {[%emt 0:12:48]} Qxe6 {[%emt 0:10:55]} 42. Qb6 {[%emt 0:04:43]} Bd6 {[%emt 0:06:13]} 43. Qxd4+ {[%emt 0:00:34]} Kf7 {[%emt 0:00:46]} 44. Bc3 {[%emt 0:02:46]} h5 {[%emt 0:03:38]} 45. Qa7+ {[%emt 0:05:57]} Ke8 {[%emt 0:01:17]} 46. Qa8+ {[%emt 0:00:55]} Kd7 {[%emt 0:01:00]} 47. Qb7+ {[%emt 0:00:30]} Bc7 {[%emt 0:01:28]} 48. Bd4 {[%emt 0:02:32]} h4 {[%emt 0:01:40]} 49. Qe4 {[%emt 0:00:50]} Qb3 {[%emt 0:03:38]} 50. Qg4+ {[%emt 0:00:20]} Kc6 {[%emt 0:01:54]} 51. Qxg6+ {[%emt 0:00:19]} Kb7 {[%emt 0:01:13]} 52. Qe4+ {[%emt 0:00:11]} Kc8 {[%emt 0:00:31]} 53. Qf5+ {[%emt 0:01:58]} Kd8 {[%emt 0:00:21]} 54. Bf6+ {[%emt 0:00:42]} Ke8 {[%emt 0:00:06]} 55. Qb5+ {[%emt 0:01:42]} Qxb5 {[%emt 0:00:27]} 56. axb5 {[%emt 0:00:04]} hxg3 {[%emt 0:00:02]} 57. h4 {[%emt 0:00:31]} Kf7 {[%emt 0:00:27]} 58. Bd4 {[%emt 0:00:09]} Bb8 {[%emt 0:00:54]} 59. h5 {[%emt 0:00:42]} Kg8 {[%emt 0:00:26]} 60. Kg2 {[%emt 0:00:47]} Kh7 {[%emt 0:00:03]} 61. Bf6 {[%emt 0:00:30]} Bc7 {[%emt 0:00:41]} 62. Bh4 {[%emt 0:00:08]} 1-0